00655nam a2200169 a 450000500170000000800410001702000180005805000300007610000210010624500870012726000420021430000110025650000500026765000580031765000520037565000580042720140412111300.0010328s19uu xx 00 eng d a0-8273-5659-5 aTR(GS 372.11'02bW69 1995 aWicker, Peggy E. aThe ABC's of running an elementary classroom /cPeggy E. Wicker ; Harriet Schultz. aNew York :bDelmar Publishers,c1995. a445 p. aIncludes bibliographical references and index aElementary school teaching - Handbooks, manuals, etc. aClassroom management - Handbooks, manuals, etc. aElementary school teachers - Handbooks, manuals, etc.